[Event "Otwarty Turniej Szachowy w ramach Mistrz"]
[Site "MDK nr 2 ul. Leszczynskiego 42"]
[Date "2016.10.29"]
[Round "3.6"]
[White "Sernecki, Franciszek"]
[Black "Bialas, Jerzy"]
[Result "1-0"]
[WhiteElo "2075"]
[BlackElo "1687"]
[PlyCount "173"]
[EventDate "2016.??.??"]

1. e4 e6 2. d4 d5 3. exd5 exd5 4. Nf3 Nf6 5. c4 Be7 6. Nc3 Bg4 7. cxd5 Nbd7 8.
h3 Bxf3 9. Qxf3 O-O 10. Bc4 Nb6 11. Bb3 Bb4 12. O-O h6 13. Rd1 Rb8 14. Bf4 Bxc3
15. bxc3 Nfxd5 16. Be5 Kh8 17. c4 f6 18. cxd5 fxe5 19. Qe4 Qf6 20. Bc2 g6 21.
dxe5 Qxf2+ 22. Kh1 Qf5 23. Qe2 Qg5 24. Qd3 Qxe5 25. Qxg6 Qg7 26. d6 Qxg6 27.
Bxg6 cxd6 28. Rxd6 Rbd8 29. Rxd8 Rxd8 30. Re1 Kg7 31. Bc2 Rd2 32. Bb3 Nd5 33.
Bxd5 Rxd5 34. Re7+ Kf6 35. Rxb7 Ra5 36. Rb2 Kg5 37. Kg1 h5 38. g3 Ra3 39. Kg2
Kf5 40. Re2 Ra5 41. h4 Ra3 42. Kh3 Ra6 43. Rc2 Ra3 44. Rc6 Ra5 45. Rh6 Ke4 46.
a4 Kf3 47. Rh7 Ke4 48. Kg2 Ke3 49. Re7+ Kd4 50. Kf3 Rf5+ 51. Ke2 Ra5 52. Rf7
Ke5 53. Rh7 Ke4 54. Kf2 Rf5+ 55. Ke1 Ra5 56. Rf7 a6 57. Rh7 Kd4 58. Rd7+ Ke4
59. Rf7 Kd4 60. Kf2 Ke5 61. Rc7 Kf5 62. Rc4 Rd5 63. Rf4+ Kg6 64. Ke3 Ra5 65.
Kd3 Re5 66. Kd4 Ra5 67. Kc3 Re5 68. Kb4 a5+ 69. Kc4 Re3 70. g4 Re5 71. gxh5+
Kxh5 72. Rd4 Re1 73. Kb5 Rb1+ 74. Kxa5 Rb2 75. Ka6 Rb1 76. a5 Ra1 77. Kb6 Rb1+
78. Ka7 Rb2 79. a6 Rb1 80. Rf4 Rb2 81. Ka8 Rb1 82. a7 Rb2 83. Rf8 Kxh4 84. Rb8
Re2 85. Kb7 Re7+ 86. Kb6 Re6+ 87. Kc5 1-0

[Event "Otwarty Turniej Szachowy w ramach Mistr"]
[Site "MDK nr 2 ul. Leszczynskiego 4"]
[Date "2016.10.29"]
[Round "3.7"]
[White "Butyrowski, Marcel"]
[Black "Zolnierowicz, Krzysztof"]
[Result "0-1"]
[WhiteElo "1742"]
[BlackElo "2037"]
[PlyCount "104"]
[EventDate "2016.??.??"]

1. Nf3 Nf6 2. c4 e6 3. Nc3 d5 4. d4 c5 5. cxd5 Nxd5 6. e4 Nxc3 7. bxc3 Be7 8.
Bf4 O-O 9. Bc4 cxd4 10. cxd4 b5 11. Bd3 Nc6 12. d5 Nb4 13. Bxb5 Qa5 14. O-O
exd5 15. Nd4 Ba6 16. Bxa6 Qxa6 17. exd5 Nxd5 18. Qf3 Nxf4 19. Qxf4 Bf6 20. Rad1
Qxa2 21. Nf5 Rfd8 22. Nh6+ Kf8 23. Ng4 Be7 24. Qe4 Rxd1 25. Rxd1 Rd8 26. Rxd8+
Bxd8 27. h3 h5 {[%emt 0:00:00]} 28. Ne5 Qa1+ 29. Kh2 Bc7 30. f4 Bxe5 31. fxe5
Qa6 32. Qb4+ Kg8 33. Qb8+ Kh7 34. Qc7 Qa2 35. Qc3 Qd5 36. Qc2+ g6 37. Qe2 a5
38. g4 hxg4 39. hxg4 Kg7 40. Kg3 Kf8 41. Qe3 Ke8 42. Kf4 Qc4+ 43. Kg5 Kf8 44.
Qb6 Qc1+ 45. Kh4 Qe1+ 46. Kh3 Qxe5 47. Qd8+ Kg7 48. Qd3 Qa1 49. g5 a4 50. Kg2
a3 51. Qh3 Qb2+ 52. Kg1 a2 0-1

[Event "Otwarty Turniej Szachowy w ramach Mistrz"]
[Site "MDK nr 2 ul. Leszczynskiego 42"]
[Date "2016.10.29"]
[Round "3.9"]
[White "Paliwoda, Borys"]
[Black "Jablonski, Miroslaw"]
[Result "1/2-1/2"]
[WhiteElo "1717"]
[BlackElo "1994"]
[PlyCount "110"]
[EventDate "2016.??.??"]

1. e4 e5 2. Nf3 Nc6 3. Bc4 Bc5 4. c3 Nf6 5. d3 d6 6. O-O O-O 7. Re1 Bg4 8. Nbd2
Na5 9. Bb5 a6 10. Ba4 Ba7 11. Nf1 b5 12. Bc2 h6 13. Ng3 c5 14. h3 Be6 15. Be3
Nc6 16. d4 cxd4 17. cxd4 exd4 18. Nxd4 Nxd4 19. Bxd4 Bxd4 20. Qxd4 Rc8 21. Bb3
Rc6 22. Rac1 Qc7 23. Rc3 Rxc3 24. bxc3 Rc8 25. Re3 Qc5 26. Qd2 a5 27. Rd3 Rc6
28. Bd5 Rb6 29. Qd1 Bxd5 30. exd5 b4 31. cxb4 Rxb4 32. Qf3 Qc1+ 33. Kh2 Rf4 34.
Qe3 Qxe3 35. fxe3 Ra4 36. a3 g6 37. Kg1 Rc4 38. Kf2 a4 39. Kf3 Nd7 40. Rd4 Ne5+
41. Kf4 f5 42. Rxc4 Nxc4 43. Ne2 Nxa3 44. Nc3 Kf7 45. Nxa4 Kf6 46. e4 g5+ 47.
Ke3 f4+ 48. Kd3 h5 49. Nb6 g4 50. h4 Nb5 51. Nc4 Ke7 52. e5 dxe5 53. Nxe5 Kd6
54. Ng6 f3 55. gxf3 gxf3 1/2-1/2

[Event "Otwarty Turniej Szachowy w ramach Mistrz"]
[Site "MDK nr 2 ul. Leszczynskiego 42"]
[Date "2016.10.29"]
[Round "3.10"]
[White "Starzynski, Pawel"]
[Black "Korpalski, Maciej"]
[Result "0-1"]
[WhiteElo "1424"]
[BlackElo "1923"]
[PlyCount "62"]
[EventDate "2016.??.??"]

1. c4 Nf6 2. Nf3 g6 3. d4 Bg7 4. e3 O-O 5. Bd3 d6 6. O-O Re8 7. e4 e5 8. d5 a5
9. h3 Na6 10. Nc3 Nc5 11. Be3 Nh5 12. Be2 Nf4 13. Qd2 f5 14. Bxf4 exf4 15. Qxf4
fxe4 16. Nd2 Bf5 17. Nb3 Be5 18. Qh6 Qf6 19. Nxc5 dxc5 20. g4 Bxc3 21. bxc3 Bd7
22. Qe3 b6 23. Rfe1 Rf8 24. Bf1 Rae8 25. Bg2 Kg7 26. Qg3 Qf4 27. Qxf4 Rxf4 28.
Re3 h5 29. gxh5 gxh5 30. Rae1 Bf5 31. Kh2 Rxf2 0-1

[Event "Otwarty Turniej Szachowy w ramach Mistrz"]
[Site "MDK nr 2 ul. Leszczynskiego 42"]
[Date "2016.10.30"]
[Round "4.1"]
[White "Sernecki, Franciszek"]
[Black "Dobrowolski, Piotr"]
[Result "1/2-1/2"]
[WhiteElo "2075"]
[BlackElo "2422"]
[PlyCount "111"]
[EventDate "2016.??.??"]

1. d4 Nf6 2. Nf3 c5 3. e3 g6 4. dxc5 Qa5+ 5. Nbd2 Bg7 6. a3 Qxc5 7. b4 Qc7 8.
Bb2 O-O 9. Bd3 b6 10. O-O Bb7 11. c4 d6 12. Rc1 Nbd7 13. h3 Rac8 14. Qb3 Qb8
15. Rfd1 Qa8 16. Ba1 Rc7 17. Qb1 Rfc8 18. e4 Nf8 19. Nd4 a6 20. Re1 Bh6 21.
Rcd1 N8d7 22. N2f3 Nh5 23. Ne2 Ndf6 24. Nc3 e5 25. Bf1 Bf8 26. Bb2 b5 27. Nd5
Nxd5 28. cxd5 Bh6 29. Bc1 Bxc1 30. Rxc1 Kg7 31. Qb2 Nf6 32. Bd3 Qa7 33. Qd2 Qb6
34. Rxc7 Qxc7 35. Nh4 Qc3 36. Qe3 h6 37. Bf1 Qxe3 38. Rxe3 Rc1 39. f3 Bc8 40.
g4 Nd7 41. Kf2 Nb6 42. Re1 Rc2+ 43. Re2 Rc7 44. Ng2 f5 45. Ne3 f4 46. Ng2 Rc3
47. Ra2 h5 48. Ne1 Bd7 49. Rc2 Rxc2+ 50. Nxc2 hxg4 51. hxg4 Kf6 52. Ne1 Kg5 53.
Ng2 Na4 54. Bd3 Nc3 55. Ke1 Na4 56. Kf2 1/2-1/2

[Event "Otwarty Turniej Szachowy w ramach Mistrz"]
[Site "MDK nr 2 ul. Leszczynskiego 42"]
[Date "2016.10.30"]
[Round "4.2"]
[White "Jaroch, Karol"]
[Black "Olszewski, Marek"]
[Result "1-0"]
[WhiteElo "2236"]
[BlackElo "2025"]
[PlyCount "73"]
[EventDate "2016.??.??"]

1. e4 e6 2. d4 d5 3. e5 c5 4. c3 Qb6 5. Nf3 Bd7 6. Be2 cxd4 7. cxd4 Bb5 8. O-O
Bxe2 9. Qxe2 Qa6 10. Qc2 Nc6 11. Nc3 Bb4 12. Ne2 Nge7 13. Bg5 h6 14. Bf4 Rc8
15. Qd1 Ng6 16. Be3 Be7 17. Ne1 f5 18. exf6 Bxf6 19. Ng3 Nf8 20. Nh5 Kf7 21.
Nd3 g6 22. Nxf6 Kxf6 23. Nc5 Qb6 24. Rc1 Qc7 25. b4 a6 26. a4 Qf7 27. b5 axb5
28. axb5 b6 29. Bf4 bxc5 30. bxc6 Ke7 31. Be5 Rh7 32. Rxc5 g5 33. Qb1 Ng6 34.
Rb5 Ke8 35. Rb7 Qg8 36. Rxh7 Qxh7 37. Qb7 1-0

[Event "Otwarty Turniej Szachowy w ramach Mistrz"]
[Site "MDK nr 2 ul. Leszczynskiego 42"]
[Date "2016.10.30"]
[Round "4.3"]
[White "Zolnierowicz, Krzysztof"]
[Black "Paprocki, Jaroslaw"]
[Result "1/2-1/2"]
[WhiteElo "2037"]
[BlackElo "2202"]
[PlyCount "116"]
[EventDate "2016.??.??"]

1. e4 e5 2. Nf3 Nc6 3. Bb5 Bc5 4. O-O Nf6 5. Nxe5 Nxe4 6. Qe2 Nxe5 7. Qxe4 Qe7
8. d4 Nc6 9. Qxe7+ Bxe7 10. c3 d5 11. Bf4 Kd8 12. Bd3 Be6 13. Nd2 h6 14. Bg3
Bf6 15. f4 Nxd4 16. cxd4 Bxd4+ 17. Kh1 Bxb2 18. Rab1 Bc3 19. Nf3 d4 20. f5 Bd5
21. Be5 c5 22. Bxg7 Re8 23. Ne5 Kc7 24. Bc4 Bxc4 25. Nxc4 Re2 26. Bxh6 Kc6 27.
Bf4 f6 28. a4 Rg8 29. g3 b6 30. Rbd1 a6 31. Bd2 b5 32. axb5+ axb5 33. Bxc3 bxc4
34. Bxd4 cxd4 35. Rxd4 Rc2 36. Rfd1 Rh8 37. R4d2 Rxd2 38. Rxd2 Kc5 39. Kg2 c3
40. Rd1 Kc4 41. g4 c2 42. Rc1 Kc3 43. Kg3 Re8 44. Kh4 Rh8+ 45. Kg3 Kd2 46. Ra1
c1=Q 47. Rxc1 Kxc1 48. g5 Kd2 49. g6 Ke3 50. h4 Ke4 51. Kg4 Ra8 52. h5 Ra1 53.
h6 Rg1+ 54. Kh3 Kf3 55. Kh2 Rg2+ 56. Kh1 Rb2 57. g7 Rb1+ 58. Kh2 Rb2+ 1/2-1/2

[Event "Otwarty Turniej Szachowy w ramach Mistrz"]
[Site "MDK nr 2 ul. Leszczynskiego 42"]
[Date "2016.10.30"]
[Round "4.4"]
[White "Korpalski, Maciej"]
[Black "Sliwicki, Damian"]
[Result "1-0"]
[WhiteElo "1923"]
[BlackElo "2118"]
[PlyCount "103"]
[EventDate "2016.??.??"]

1. e4 c5 2. Nf3 Nc6 3. d4 cxd4 4. Nxd4 g6 5. Nc3 Bg7 6. Be3 Nf6 7. Bc4 O-O 8.
Bb3 Ng4 9. Qxg4 Nxd4 10. Qd1 Nc6 11. Qd2 d6 12. O-O-O a5 13. Bh6 Bd7 14. h4 a4
15. Bxa4 Qa5 16. Bxg7 Kxg7 17. h5 Rh8 18. Bxc6 bxc6 19. Qd4+ f6 20. Qc4 Qg5+
21. Kb1 gxh5 22. Rd3 Kf8 23. g3 Be8 24. f4 Qa5 25. b3 Rg8 26. Re3 Qb6 27. Rf3
Ra5 28. Re1 Bf7 29. Qd3 Bg6 30. Qd2 Kg7 31. e5 dxe5 32. fxe5 f5 33. Qg5 Qb4 34.
Rd1 Rxe5 35. Rd7 Re8 36. Rc7 Qd6 37. Ra7 Kh8 38. a4 Rb8 39. Kb2 Re1 40. Rd3
Rxb3+ 41. cxb3 Qxd3 42. Qh6 Qd8 43. Rd7 Qe8 44. Qd2 Kg7 45. Rd8 Qxd8 46. Qxd8
f4 47. Qd4+ e5 48. Qd7+ Kh6 49. gxf4 exf4 50. Qxc6 h4 51. Qf3 Kg5 52. a5 1-0

[Event "Otwarty Turniej Szachowy w ramach Mistrz"]
[Site "MDK nr 2 ul. Leszczynskiego 42"]
[Date "2016.10.30"]
[Round "4.5"]
[White "Jablonski, Miroslaw"]
[Black "Kopaczewski, Adam"]
[Result "1/2-1/2"]
[WhiteElo "1994"]
[BlackElo "1821"]
[PlyCount "129"]
[EventDate "2016.??.??"]

1. d4 d5 2. Nf3 c6 3. e3 Bf5 4. Bd3 e6 5. Bxf5 exf5 6. Qd3 g6 7. b3 Nf6 8. O-O
Bd6 9. c4 O-O 10. g3 Nbd7 11. Bb2 Ne4 12. cxd5 cxd5 13. Qb5 Nb6 14. Nc3 a6 15.
Qd3 Qe7 16. Ne2 Rac8 17. a4 Bb4 18. Rfc1 Rfe8 19. Nf4 Qd6 20. h4 Kg7 21. Kg2 h6
22. Rxc8 Rxc8 23. Rc1 Rxc1 24. Bxc1 Qc7 25. Bb2 Qc8 26. Ne2 Nd7 27. Ne5 Ndf6
28. f3 Nd6 29. Bc3 Ba3 30. Bd2 b5 31. Qc3 bxa4 32. Qxc8 Nxc8 33. bxa4 Nb6 34.
a5 Nc4 35. Nxc4 dxc4 36. Kf2 Kf8 37. Ke1 Ke7 38. Nc3 Bb4 39. Na2 Bd6 40. Bb4
Nd5 41. Bxd6+ Kxd6 42. e4 fxe4 43. fxe4 Ne7 44. Nb4 Nc6 45. e5+ Kd7 46. Nxa6
Nxd4 47. Nc5+ Kc6 48. a6 Kb6 49. Kd1 Nb3 50. e6 fxe6 51. Nxe6 Kxa6 52. Nf4 Nd4
53. Nxg6 c3 54. g4 Kb5 55. Ne5 Kb4 56. Nd3+ Kb3 57. Ne1 Kb2 58. g5 hxg5 59.
hxg5 Nf3 60. Nd3+ Kb1 61. g6 c2+ 62. Ke2 Ne5 63. g7 Nxd3 64. Kxd3 c1=Q 65. g8=Q
1/2-1/2

[Event "Otwarty Turniej Szachowy w ramach Mistrz"]
[Site "MDK nr 2 ul. Leszczynskiego 42"]
[Date "2016.10.30"]
[Round "4.6"]
[White "Andrzejewski, Jakub"]
[Black "Paliwoda, Borys"]
[Result "1/2-1/2"]
[WhiteElo "1425"]
[BlackElo "1717"]
[PlyCount "42"]
[EventDate "2016.??.??"]

1. c4 e5 2. Nc3 Nc6 3. g3 Bc5 4. Bg2 Nf6 5. e3 O-O 6. a3 a6 7. Nge2 d6 8. O-O
Bg4 9. Qc2 Qd7 10. b4 Bb6 11. Bb2 Bh3 12. Rad1 Bxg2 13. Kxg2 Qg4 14. d3 a5 15.
b5 Ne7 16. Na4 Nf5 17. h3 Nh4+ 18. Kh2 Nf3+ 19. Kg2 Nh4+ 20. Kh2 Nf3+ 21. Kg2
Nh4+ 1/2-1/2

[Event "Otwarty Turniej Szachowy w ramach Mistrz"]
[Site "MDK nr 2 ul. Leszczynskiego 42"]
[Date "2016.10.30"]
[Round "4.7"]
[White "Brzezinski, Mateusz"]
[Black "Kadukowski, Pawel"]
[Result "1-0"]
[WhiteElo "2139"]
[BlackElo "1788"]
[PlyCount "93"]
[EventDate "2016.??.??"]

1. c4 Nf6 2. Nc3 g6 3. e4 d6 4. Nf3 c5 5. d4 cxd4 6. Nxd4 Nc6 7. Be2 Bg7 8. Be3
O-O 9. O-O Bd7 10. Rc1 Nxd4 11. Bxd4 Bc6 12. Bf3 Nd7 13. Bxg7 Kxg7 14. b4 b6
15. Qd4+ Kg8 16. Bd1 Qc7 17. Bb3 a5 18. a3 axb4 19. axb4 Ra3 20. Rb1 e5 21. Qd3
Rd8 22. Nb5 Bxb5 23. cxb5 Ra7 24. Rfc1 Qb8 25. Rc6 Nf8 26. Rd1 Ne6 27. Bxe6
fxe6 28. f4 exf4 29. e5 d5 30. Rxe6 Rf7 31. Qd4 Rf5 32. Re1 Qc7 33. Rc6 Qa7 34.
e6 f3 35. gxf3 Qa2 36. Qh4 Re8 37. Rc7 h5 38. Qg3 g5 39. Rf7 Qc2 40. Rxf5 Qxf5
41. Re5 Qb1+ 42. Kg2 Qc2+ 43. Kh3 g4+ 44. fxg4 Re7 45. Rg5+ Rg7 46. Qb8+ Kh7
47. Rxh5+ 1-0

[Event "Otwarty Turniej Szachowy w ramach Mistrz"]
[Site "MDK nr 2 ul. Leszczynskiego 42"]
[Date "2016.10.30"]
[Round "4.8"]
[White "Kozakiewicz, Gracjan"]
[Black "Konieczynski, Piotr"]
[Result "0-1"]
[WhiteElo "1611"]
[BlackElo "1990"]
[PlyCount "86"]
[EventDate "2016.??.??"]

1. d4 d5 2. c4 dxc4 3. Nc3 Nf6 4. Bg5 c6 5. a4 Qa5 6. Bxf6 exf6 7. e4 Bb4 8.
Qc1 Be6 9. f3 {[%emt 0:00:00]} O-O 10. Kf2 Rd8 11. Nge2 Na6 12. Qe3 Nc5 13. Nf4
Nb3 14. Nxe6 fxe6 15. Rd1 Nxd4 16. Bxc4 Bc5 17. Kf1 Kh8 18. Qc1 Rd7 19. Ne2
Rad8 20. Nxd4 Rxd4 21. Ke2 e5 22. Rxd4 Rxd4 23. Rd1 Qxa4 24. Rxd4 Bxd4 25. Kd3
h6 26. f4 Qb4 27. b3 Qd6 28. fxe5 Bxe5+ 29. Kc2 Qd4 30. Qa3 Bd6 31. Qa5 Qf2+
32. Kd3 Qf1+ 33. Kd4 Be5+ 34. Ke3 Qf4+ 35. Kd3 Qf1+ 36. Ke3 Qg1+ 37. Kf3 Qd1+
38. Kf2 Qd4+ 39. Kf3 Kh7 40. Qe1 Bxh2 41. g3 Qg1 42. Qf2 Qh1+ 43. Ke3 Bg1 0-1

[Event "Otwarty Turniej Szachowy w ramach Mistrz"]
[Site "MDK nr 2 ul. Leszczynskiego 42"]
[Date "2016.10.30"]
[Round "4.9"]
[White "Dluzynski, Krzysztof"]
[Black "Darowicki, Mariusz"]
[Result "0-1"]
[WhiteElo "1551"]
[BlackElo "1912"]
[PlyCount "90"]
[EventDate "2016.??.??"]

1. d4 Nf6 2. c4 g6 3. Nc3 d5 4. g3 Bg7 5. Bg2 dxc4 6. Qa4+ Nfd7 7. Qxc4 Nb6 8.
Qb3 Nc6 9. e3 O-O 10. Nge2 Na5 11. Qc2 e5 12. O-O exd4 13. Nxd4 c5 14. Nde2 Nc6
15. Rd1 Qe7 16. a3 Bf5 17. e4 Be6 18. Nd5 Bxd5 19. exd5 Nd4 20. Nxd4 cxd4 21.
Bd2 Qd7 22. Bb4 Rfd8 23. d6 Rac8 24. Qe4 Nc4 25. Qxb7 Qxb7 26. Bxb7 Rb8 27. Ba6
Nxd6 28. Rab1 Bf6 29. Ba5 Rd7 30. Bd3 Nb7 31. Bb4 Kg7 32. Bd2 Nc5 33. Bf1 Nb3
34. Bf4 Rb6 35. g4 g5 36. Bg3 a5 37. Bc4 a4 38. Rd3 Nc5 39. Rd2 Ne4 40. Rdd1
Rdb7 41. Bd5 Nc3 42. Bxb7 Nxd1 43. Be4 Nxb2 44. Bc7 Rb3 45. Ba5 Rb5 0-1

[Event "Otwarty Turniej Szachowy w ramach Mistrz"]
[Site "MDK nr 2 ul. Leszczynskiego 42"]
[Date "2016.10.30"]
[Round "4.10"]
[White "Stylinski, Piotr  "]
[Black "Hladun, Bartlomiej"]
[Result "1-0"]
[WhiteElo "1832"]
[BlackElo "1535"]
[PlyCount "105"]
[EventDate "2016.??.??"]

1. d4 c6 2. e4 d5 3. Nc3 dxe4 4. Nxe4 Bf5 5. Ng3 Bg6 6. Bc4 Nf6 7. N1e2 e6 8.
Nf4 Bd6 9. O-O Qc7 10. Nxg6 hxg6 11. Re1 Nbd7 12. Qf3 O-O 13. Bg5 b5 14. Bb3
Nd5 15. h4 N7f6 16. Rad1 a5 17. c3 a4 18. Bc2 c5 19. Ne4 cxd4 20. Nxd6 Qxd6 21.
Bxf6 Nxf6 22. Rxd4 Qb6 23. a3 Rad8 24. Red1 Rxd4 25. Rxd4 Rd8 26. Rxd8+ Qxd8
27. Qe2 Nd5 28. Qxb5 Qxh4 29. Qe8+ Kh7 30. Qxf7 Qg5 31. Qxe6 Qc1+ 32. Kh2 Qxc2
33. Qxd5 Qxb2 34. Qc5 Qc1 35. g3 Qb2 36. Kg2 Qb3 37. Qb4 Qd5+ 38. Kh2 Qd2 39.
Qh4+ Kg8 40. Qf4 Qxf4 41. gxf4 Kf7 42. Kg3 Ke6 43. Kg4 Kd5 44. Kg5 Kc4 45. Kxg6
Kxc3 46. Kxg7 Kb3 47. f5 Kxa3 48. f6 Kb3 49. f7 a3 50. f8=Q a2 51. Qf7+ Ka3 52.
Qf6 Kb3 53. Qa1 1-0

[Event "Otwarty Turniej Szachowy w ramach Mistrz"]
[Site "MDK nr 2 ul. Leszczynskiego 42"]
[Date "2016.10.30"]
[Round "5.1"]
[White "Korpalski, Maciej"]
[Black "Jaroch, Karol"]
[Result "1/2-1/2"]
[WhiteElo "1923"]
[BlackElo "2236"]
[PlyCount "50"]
[EventDate "2016.??.??"]

1. e4 e6 2. d3 d5 3. Nd2 c5 4. g3 Nf6 5. Bg2 Nc6 6. Ngf3 Be7 7. O-O O-O 8. Re1
Qc7 9. e5 Nd7 10. Qe2 b5 11. Nf1 Ba6 12. c3 b4 13. c4 dxc4 14. dxc4 Rad8 15. b3
Bb7 16. Bb2 a5 17. h4 a4 18. N1h2 a3 19. Bc1 Nd4 20. Nxd4 cxd4 21. Bf4 Bxg2 22.
Kxg2 Nc5 23. Rad1 Rd7 24. Nf3 Rfd8 25. Bg5 Qb7 1/2-1/2

[Event "Otwarty Turniej Szachowy w ramach Mistrz"]
[Site "MDK nr 2 ul. Leszczynskiego 42"]
[Date "2016.10.30"]
[Round "5.2"]
[White "Dobrowolski, Piotr"]
[Black "Zolnierowicz, Krzysztof"]
[Result "1-0"]
[WhiteElo "2422"]
[BlackElo "2037"]
[PlyCount "91"]
[EventDate "2016.??.??"]

1. e4 d5 2. exd5 Nf6 3. Nf3 Nxd5 4. d4 g6 5. c4 Nb6 6. Nc3 Bg7 7. c5 Nd5 8. Bc4
c6 9. Qb3 O-O 10. O-O Nxc3 11. bxc3 b6 12. Ng5 e6 13. Ne4 h6 14. Bf4 Nd7 15.
Rfe1 bxc5 16. dxc5 e5 17. Be3 Kh7 18. Bxf7 Rb8 19. Qc4 Qe7 20. Nd6 e4 21. Bd4
Ne5 22. Bxe5 Qxe5 23. Nxe4 Qf4 24. Be6 Bxe6 25. Qxe6 Rbe8 26. Qc4 Bxc3 27. Qxc3
Rxe4 28. f3 Rxe1+ 29. Rxe1 Qf7 30. a4 Rd8 31. Re4 Rd1+ 32. Kf2 Qd7 33. Qe3 Qd2+
34. Qxd2 Rxd2+ 35. Re2 Rd5 36. Re7+ Kg8 37. Rxa7 Rxc5 38. a5 Rc2+ 39. Ke3 Rc4
40. a6 Ra4 41. Kd3 c5 42. Kc3 c4 43. Ra8+ Kg7 44. a7 Kh7 45. f4 h5 46. g3 1-0

[Event "Otwarty Turniej Szachowy w ramach Mistrz"]
[Site "MDK nr 2 ul. Leszczynskiego 42"]
[Date "2016.10.30"]
[Round "5.3"]
[White "Kopaczewski, Adam"]
[Black "Sernecki, Franciszek"]
[Result "1/2-1/2"]
[WhiteElo "1821"]
[BlackElo "2075"]
[PlyCount "76"]
[EventDate "2016.??.??"]

1. e4 c5 2. f4 e6 3. Nf3 d5 4. exd5 exd5 5. d4 Nc6 6. Bb5 Nf6 7. O-O Be7 8. Kh1
O-O 9. Be3 c4 10. b3 cxb3 11. axb3 Bf5 12. Ne5 Qc8 13. Nd2 Ne4 14. Nxe4 Bxe4
15. Qe2 Nxe5 16. dxe5 Qxc2 17. Qxc2 Bxc2 18. Rfc1 Bxb3 19. Rc7 Bb4 20. Rb1 Ba5
21. Rxb7 Bc4 22. Bxa7 Rfc8 23. Bd4 Rab8 24. Bd7 Rxb7 25. Rxb7 Ra8 26. e6 Ba6
27. Be8 fxe6 28. Rxg7+ Kf8 29. Bf7 Rc8 30. g3 Rc1+ 31. Kg2 Rc7 32. Bxe6 Rxg7
33. Bxg7+ Kxg7 34. Bxd5 Kf6 35. Be4 h6 36. Kf3 Bc8 37. g4 Bc7 38. h4 Kg7
1/2-1/2

[Event "Otwarty Turniej Szachowy w ramach Mistrz"]
[Site "MDK nr 2 ul. Leszczynskiego 42"]
[Date "2016.10.30"]
[Round "5.4"]
[White "Paprocki, Jaroslaw"]
[Black "Sliwicki, Damian"]
[Result "1-0"]
[WhiteElo "2202"]
[BlackElo "2118"]
[PlyCount "73"]
[EventDate "2016.??.??"]

1. d4 d5 2. Nf3 e6 3. c4 Nf6 4. Nc3 Bb4 5. Bg5 Nbd7 6. cxd5 exd5 7. Qb3 c5 8.
a3 Qa5 9. Rc1 Bxc3+ 10. Qxc3 Qxc3+ 11. bxc3 c4 12. Nd2 h6 13. Bf4 Nb6 14. Be5
Ke7 15. f3 Be6 16. e4 Rhd8 17. Be2 Ne8 18. Bd1 f6 19. Bg3 dxe4 20. fxe4 f5 21.
exf5 Bxf5 22. Bf3 Rd7 23. O-O g6 24. Rce1+ Kd8 25. Be4 Bxe4 26. Nxe4 Nd5 27.
Be5 b6 28. Rf8 Ke7 29. Rh8 Nec7 30. Rh7+ Kd8 31. Rxh6 Kc8 32. Nd6+ Rxd6 33.
Bxd6 Nxc3 34. Rh7 N3b5 35. Bxc7 Nxc7 36. Ree7 Kd8 37. Rd7+ 1-0

[Event "Otwarty Turniej Szachowy w ramach Mistrz"]
[Site "MDK nr 2 ul. Leszczynskiego 42"]
[Date "2016.10.30"]
[Round "5.5"]
[White "Paliwoda, Borys"]
[Black "Brzezinski, Mateusz"]
[Result "1/2-1/2"]
[WhiteElo "1717"]
[BlackElo "2139"]
[PlyCount "127"]
[EventDate "2016.??.??"]

1. e4 c5 2. Nf3 Nc6 3. d4 cxd4 4. Nxd4 Nf6 5. Nc3 e5 6. Ndb5 d6 7. Bg5 a6 8.
Na3 b5 9. Nd5 Be7 10. Bxf6 Bxf6 11. c3 Ne7 12. Nxf6+ gxf6 13. c4 Bb7 14. Bd3 f5
15. cxb5 fxe4 16. bxa6 Bc6 17. Bb5 Bxb5 18. Nxb5 Qa5+ 19. Nc3 Rxa6 20. O-O d5
21. b4 Qd8 22. Qh5 Re6 23. Rfd1 Qa8 24. Nb5 Qb7 25. Qxe5 Rxe5 26. Nd6+ Kd7 27.
Nxb7 Rb8 28. Nc5+ Kd6 29. a3 Nc6 30. Nb3 Rg5 31. Nc5 f5 32. Rac1 Ne5 33. Kf1
Ng4 34. h3 Nf6 35. Rc3 f4 36. Rc4 Ke5 37. Rcd4 Rg7 38. a4 Rbg8 39. a5 h5 40. a6
e3 41. fxe3 fxe3 42. g4 hxg4 43. hxg4 Rh8 44. Ke2 Rh2+ 45. Kxe3 Nxg4+ 46. Kf3
Nf6 47. Re1+ Kxd4 48. Ne6+ Kc4 49. Nxg7 Ra2 50. b5 Kxb5 51. Ne6 Kc6 52. Nd4+
Kc5 53. Ne6+ Kd6 54. Nd4 Nd7 55. Nf5+ Kc5 56. Rc1+ Kb6 57. Ne7 Ra3+ 58. Ke2 d4
59. Nd5+ Kxa6 60. Rd1 Ra4 61. Nc7+ Kb6 62. Ne6 Ra2+ 63. Kf1 Nc5 64. Rxd4
1/2-1/2

[Event "Otwarty Turniej Szachowy w ramach Mistr"]
[Site "MDK nr 2 ul. Leszczynskiego 4"]
[Date "2016.10.30"]
[Round "5.6"]
[White "Olszewski, Marek"]
[Black "Kukorowski, Jan"]
[Result "1/2-1/2"]
[WhiteElo "2025"]
[BlackElo "1700"]
[PlyCount "148"]
[EventDate "2016.??.??"]

1. e4 e6 2. d4 d5 3. e5 c5 4. c3 Nc6 5. Nf3 Qb6 6. Be2 cxd4 7. cxd4 Nh6 8. Nc3
Nf5 9. Na4 Qa5+ 10. Bd2 Bb4 11. Bc3 b5 12. a3 Bxc3+ 13. Nxc3 b4 14. axb4 Qxb4
15. Qa4 Bd7 16. Qxb4 Nxb4 17. Kd2 Ke7 18. Bd3 Nxd3 19. Kxd3 Rhb8 20. Rhb1 a5
21. g4 Nh6 22. h3 Rb4 23. Ne1 a4 24. Nc2 Rb3 25. Ra3 Rab8 26. Rxb3 Rxb3 27. Kd2
f5 28. g5 Nf7 29. h4 Nd8 30. Kc1 Nb7 31. Ra1 {[%emt 0:00:00]} Na5 32. Ra3 Rxa3
33. bxa3 Nc4 34. Ne2 g6 35. Nf4 Be8 36. Kd1 Bb5 37. h5 gxh5 38. Nxh5 Nb2+ 39.
Kd2 Nd3 40. Ke3 Kf7 41. Nf4 Nxf4 42. Kxf4 Kg6 43. Ne3 Bd3 44. Ng2 Bf1 45. Ne3
Bb5 46. Ng2 Kh5 47. f3 Ba6 48. Ne1 Kh4 49. Ng2+ Kh3 50. Ne3 Be2 51. Nxf5 exf5
52. e6 Kg2 53. e7 Bb5 54. Kxf5 Kxf3 55. Ke5 Kg4 56. Kxd5 Kxg5 57. Ke6 h5 58. d5
h4 59. d6 h3 60. d7 Bxd7+ 61. Kxd7 h2 62. e8=Q h1=Q 63. Qe5+ Kg6 64. Qe6+ Kg5
65. Qe7+ Kg6 66. Qd6+ Kg5 67. Qc5+ Kf6 68. Qd4+ Kf7 69. Qc4+ Kf6 70. Qf4+ Kg7
71. Qxa4 Qb7+ 72. Kd6 Qb8+ 73. Kc5 Qc7+ 74. Qc6 Qa5+ 1/2-1/2

[Event "Otwarty Turniej Szachowy w ramach Mistrz"]
[Site "MDK nr 2 ul. Leszczynskiego 42"]
[Date "2016.10.30"]
[Round "5.7"]
[White "Ciesielski, Jan"]
[Black "Jablonski, Miroslaw"]
[Result "1/2-1/2"]
[WhiteElo "1668"]
[BlackElo "1994"]
[PlyCount "71"]
[EventDate "2016.??.??"]

1. e4 e5 2. Nf3 Nc6 3. Bc4 Bc5 4. c3 Nf6 5. d3 d6 6. O-O O-O 7. h3 h6 8. Be3
Bxe3 9. fxe3 d5 10. exd5 Nxd5 11. Bxd5 Qxd5 12. e4 Qb5 13. Qc2 Qc5+ 14. Qf2
Qxf2+ 15. Kxf2 f5 16. Nbd2 Be6 17. Ke2 f4 18. b4 a6 19. a4 b5 20. Rfb1 g5 21.
Nb3 g4 22. hxg4 Bxg4 23. Nc5 Kf7 24. Kf2 Kf6 25. Nh2 Be6 26. Rh1 Rad8 27. axb5
axb5 28. Ra6 Rd6 29. Nb7 Nb8 30. Rxd6 cxd6 31. Nf3 Rc8 32. Rxh6+ Ke7 33. Rh7+
Kf6 34. Rh6+ Ke7 35. Rh7+ Kf6 36. Rh6+ 1/2-1/2

[Event "Otwarty Turniej Szachowy w ramach Mistrz"]
[Site "MDK nr 2 ul. Leszczynskiego 42"]
[Date "2016.10.30"]
[Round "5.8"]
[White "Konieczynski, Piotr"]
[Black "Straszewski, Tomasz"]
[Result "1-0"]
[WhiteElo "1990"]
[BlackElo "1517"]
[PlyCount "85"]
[EventDate "2016.??.??"]

1. d4 Nf6 2. Nf3 d6 3. c4 g6 4. Nc3 Bg7 5. e4 O-O 6. h3 e5 7. dxe5 dxe5 8. Qxd8
Rxd8 9. Bg5 c6 10. Nxe5 Re8 11. O-O-O Nxe4 12. Nxe4 Bxe5 13. Nf6+ Bxf6 14. Bxf6
Nd7 15. Bc3 Nb6 16. b3 Bf5 17. Bd3 Bxd3 18. Rxd3 Re2 19. Rhd1 Rae8 20. Rd8 f5
21. a4 Kf7 22. a5 Nc8 23. R1d7+ R2e7 24. Bb4 Rxd8 25. Rxd8 Rc7 26. Bd2 c5 27.
Bf4 Rc6 28. Rd7+ Ne7 29. Bg5 Re6 30. Rxb7 a6 31. Kc2 Ke8 32. Rc7 Re5 33. Be3
Kd8 34. Rxc5 Rxc5 35. Bxc5 Nc6 36. Kc3 Kd7 37. b4 h6 38. Bb6 Kd6 39. b5 axb5
40. cxb5 Nb8 41. a6 Nd7 42. Bd8 Kc5 43. a7 1-0

[Event "Otwarty Turniej Szachowy w ramach Mistrz"]
[Site "MDK nr 2 ul. Leszczynskiego 42"]
[Date "2016.10.30"]
[Round "5.9"]
[White "Darowicki, Mariusz"]
[Black "Andrzejewski, Jakub"]
[Result "1-0"]
[WhiteElo "1912"]
[BlackElo "1425"]
[PlyCount "29"]
[EventDate "2016.??.??"]

1. d4 g6 2. e4 Bg7 3. Nf3 d6 4. Bc4 Nf6 5. Nc3 O-O 6. O-O c5 7. e5 dxe5 8. dxe5
Qxd1 9. Rxd1 Ng4 10. Nd5 Nxe5 11. Nxe7+ Kh8 12. Nxe5 Bxe5 13. Nxc8 Nc6 14. Nd6
Rad8 15. Nxf7+ 1-0